| 000 | 01085nam a2200229 a 4500 | ||
|---|---|---|---|
| 001 | BRCA_1216 | ||
| 005 | 20190320203330.0 | ||
| 008 | 290705s2000----mx-a---###---#000-0#sps-d | ||
| 020 | _a9703209823 | ||
| 050 | 4 |
_aND253 _b.T73 2000 |
|
| 245 | 1 | 0 |
_aTradición, estilo o escuela en la pintura Iberoamericana, siglos XVI-XVIII _bprimer Seminario de Pintura Virreinal _cedición a cargo de María Concepción García Saiz, Juana Gutiérrez Haces. |
| 260 |
_aMéxico _bUNAM, Instituto de Investigaciones Estéticas _c2004 |
||
| 300 |
_a297 p. _bil. _c23 cm. |
||
| 440 | 0 |
_aEstudios de arte y estética _v57 _93995 |
|
| 500 | _aCoedición con : Fomento Cultural Banamex ; Organización de Estados Iberoaméricanos para la Educación, la Ciencia y la Cultura ; Banco de Crédito del Perú | ||
| 611 | 2 | 4 |
_aSeminario de Pintura Virreinal _n1 _d2000 _cLima, Perú _93996 |
| 650 | 1 | 4 |
_aPintura colonial _vCongresos _zMéxico _93997 |
| 650 | 1 | 4 |
_aPintura colonial _vCongresos _zPerú _93998 |
| 700 | 1 |
_aGarcía Saiz, María Concepción _93999 |
|
| 700 | 1 |
_aGutiérrez Haces, Juana _92256 |
|
| 942 |
_2lcc _cB |
||
| 999 |
_c1088 _d1088 |
||